000
00317nam a22001457a 4500
008
221020b ||||| |||| 00| 0 eng d
020
_a
9781455727520
041
_a
eng
080
_2
4EDITION
_a
004
082
_a
004HES
100
_a
18
101
_a
SHK
245
_a
NCLEX-RN EXAMINATION
_c
HESI
942
_2
udc
_c
BK
999
_c
58617
_d
58617